00938nam a22002057a 45000010006000000050017000060070003000230080041000260170049000670200022001160400024001381000043001622450289002052600068004946500017005626550028005797000045006077100051006528520029007038582120260420142623.0ta260420s2026 sp ||||| |||| 00| 0 spa d aM-2838-2026bOficina Depósito Legal Madrid a979-13-87647-16-2 aM-RABAbspacM-RABA aNieto de la Cierva, Fuensanta (d1957- aEl museo en mutación memoria e intervenciónc/ discurso de la académica electa Excma. Sra. Dª. Fuensanta Nieto de la Cierva, leído en el acto de su recepción pública el día 19 de abril de 2026 y contestación del académico Excmo. Sr. D. Luis Fernández-Galiano Ruiz aMadrid : bReal Academia de Bellas Artes de San Fernando,c2026 7aArquitectura 7aDiscursos académicos. aFernández-Galiano Ruiz, Luis (d1950-)2 aReal Academia de Bellas Artes de San Fernando. aM-RABAjDis-544; Dis-545